000 00745nam a2200241Ia 4500
005 20230419092234.0
008 140110s9999 xx 000 0 und d
020 _a9788184573640
_cRs 2500(set)
040 _aLoreto College
041 _aEnglish
082 _a338.54
_bBAN
245 _aGlobal Economic Slow Down Part II
_bOpportunities and challenges
_cProf S P Bansal, Prof S S Narta, Dr. O P Verma, Dr Kulbhushan Chandel, Dr Devinder Sharma
260 _aNew Delhi
_bKanishka Publishers Distributors
_c2012
300 _avii,377-582
504 _aPart II
630 _aEconomic Slow Down
630 _aGlobal Economics
650 _aDevelopment
651 _aEconomics
700 _aBansal, S P.
850 _aLCLIB
942 _cBK
999 _c38381
_d88860